Absalom, absalom
Novela histórica que se desarrolla en el condado Yoknapatawpha en Misisipi, gira en torno a la familia Sutpen, antes, durante y después de la Guerra Civil Estadounidense, la familia Sutpen se verá involucrada en trágicos acontecimientos que originaron su desintegración, así como la destrucción y per...
Uloženo v:
| Hlavní autor: | |
|---|---|
| Médium: | Kniha |
| Jazyk: | English |
| Vydáno: |
Inglaterra
Penguin Book
1971
|
| Témata: | |
| Tagy: |
Přidat tag
Žádné tagy, Buďte první, kdo vytvoří štítek k tomuto záznamu!
|
MARC
| LEADER | 00000nam a2200000Ia 4500 | ||
|---|---|---|---|
| 008 | 170316s9999 xx 000 0 eng d | ||
| 040 | |a cru BVZT | ||
| 090 | |a 810 F-6a | ||
| 100 | |a Faulkner, William |9 558 | ||
| 245 | |a Absalom, absalom |c / William Faulkner | ||
| 260 | |a Inglaterra | ||
| 260 | |b Penguin Book | ||
| 260 | |c 1971 | ||
| 300 | |a 316 páginas | ||
| 520 | |a Novela histórica que se desarrolla en el condado Yoknapatawpha en Misisipi, gira en torno a la familia Sutpen, antes, durante y después de la Guerra Civil Estadounidense, la familia Sutpen se verá involucrada en trágicos acontecimientos que originaron su desintegración, así como la destrucción y perdida de sus bienes. La obra escrita en 1936 por William Faulkner trata temas comunes de la época como la esclavitud, el racismo, la vida en el campo y la guerra. | ||
| 650 | |a LITERATURA ESTADOUNIDENSE |9 25 | ||
| 650 | |a NOVELA HISTÓRICA |9 214 | ||
| 999 | |c 5635 |d 5635 | ||
| 942 | |c 15 D |h 810 F-6a |2 z | ||
